| 000 | 00782cab a2200241 4500 | ||
|---|---|---|---|
| 001 | ABS51287 | ||
| 008 | 090401t1994 xxu||||| |||| 00| 0 eng d | ||
| 035 | _a(Sirsi) u19864 | ||
| 041 | _aeng | ||
| 100 | _aCollar, N. | ||
| 245 | _aPlanning: materiality of planning benefits Part II | ||
| 260 | _c1994 | ||
| 350 | _a0 | ||
| 490 |
_aProperty Law _v(10) August 1994, 5-6(2) |
||
| 520 | _aUpdates an earlier article on materiality of planning benefits, contrasting the decision in "Tesco v SoS Environment" with that in ex parte Plymouth and South Devon Co-op. | ||
| 650 | _aCOMMUNITY BENEFITS | ||
| 650 | _aMATERIAL CONSIDERATIONS | ||
| 650 | _aPLANNING BENEFITS | ||
| 650 | _aPLANNING GAIN | ||
| 690 | _aPLANNING LAW AND PRACTICE | ||
| 942 | _n0 | ||
| 948 | _c04/03/1997 | ||
| 999 |
_c13307 _d13307 |
||